000 00535nam a2200229Ia 4500
003 OSt
005 20221005130936.0
006 a|||||r|||| 00| 0
007 ta
008 ASM
024 _a27469
037 _cTextual
040 _aCRL
_cCRL
_bASM
041 _2ASM
_aASM
082 _aU8.3'N, 158N5
100 _aBaruah Gautam Prasad
_9184621
245 0 _aSat sagar sangam
260 _c1995
650 _aGEOGRAPHY
942 _hU8.3'N, 158N5
_cTEXL
_2cc
999 _c1058866
_d1058866